Handbook for working with children and youth : pathways to resilience across cultures and contexts /

Children navigate their ways to health through a variety of culturally embedded routes. This volume draws together experts in related fields of study to report on both quantitative and qualitative studies from psychology, social work, psychiatry nursing, education, criminology, child and youth care,...

Full description

Bibliographic Details
Other Authors: Ungar, Michael, 1963-
Format: eBook
Language:English
Published: Thousand Oaks, [Calif.] ; London : SAGE, 2005.
Subjects:
Online Access:Connect to the full text of this electronic book

MARC

Tag First Indicator Second Indicator Subfields
LEADER 00000cam a2200000 i 4500
001 in00003715421
005 20190412191757.0
006 m o d
007 cr |||||||||||
008 110107s2005 caua fo 001|0|eng d
020 |a 9781412976312 (ebook) :  |c No price 
035 |a (StDuBDS)EDZ0000019072 
040 |a StDuBDS  |b eng  |e rda  |c StDuBDS  |e pn  |d UtOrBLW 
050 4 |a BF723.R46 
082 0 4 |a 362.7  |2 22 
245 0 0 |a Handbook for working with children and youth :  |b pathways to resilience across cultures and contexts /  |c edited by Michael Ungar. 
264 1 |a Thousand Oaks, [Calif.] ;  |a London :  |b SAGE,  |c 2005. 
300 |a 1 online resource (xxxix, 511 pages) :  |b illustrations. 
336 |a text  |b txt  |2 rdacontent 
337 |a computer  |b c  |2 rdamedia 
338 |a online resource  |b cr  |2 rdacarrier 
520 8 |a Children navigate their ways to health through a variety of culturally embedded routes. This volume draws together experts in related fields of study to report on both quantitative and qualitative studies from psychology, social work, psychiatry nursing, education, criminology, child and youth care, community health and family therapy. 
521 |a Specialized. 
588 |a Description based on print version record. 
504 |a Includes bibliographical references and index. 
650 0 |a Resilience (Personality trait) in children.  |0 http://id.loc.gov/authorities/subjects/sh89000081 
650 0 |a Resilience (Personality trait) in adolescence.  |0 http://id.loc.gov/authorities/subjects/sh89000082 
650 0 |a Resilience (Personality trait) in children  |v Cross-cultural studies. 
650 0 |a Resilience (Personality trait) in adolescence  |v Cross-cultural studies. 
650 0 |a Social work with children.  |0 http://id.loc.gov/authorities/subjects/sh85124089 
650 0 |a Social work with youth.  |0 http://id.loc.gov/authorities/subjects/sh85124112 
655 7 |a Electronic books.  |2 local 
700 1 |a Ungar, Michael,  |d 1963-  |0 http://id.loc.gov/authorities/names/no2003073180 
776 1 8 |i Print version :  |z 9781412904056 
856 4 0 |u http://proxy.library.tamu.edu/login?url=http://sk.sagepub.com/reference/hdbk_youth  |z Connect to the full text of this electronic book  |t 0 
999 f f |s 292d5e26-8ef4-353c-8db3-cdd9344cef90  |i 23ee7a7c-4240-3399-bca4-bfa42ecdbbc2  |t 0 
952 f f |a Texas A&M University  |b College Station  |c Electronic Resources  |d Available Online  |t 0  |e BF723.R46  |h Library of Congress classification 
998 f f |a BF723.R46  |t 0  |l Available Online